[Event "funny"]
[Site "SchemingMind.com"]
[Date "2008.09.26"]
[Round "-"]
[White "harsh"]
[Black "Schaakmaatje"]
[Result "1-0"]
[WhiteCountry "IND"]
[BlackCountry "NED"]
[WhiteElo "2009"]
[WhiteRD "83"]
[BlackElo "1804"]
[BlackRD "46"]
[GameID "172709"]

1. g4 d5 2. e3 e5 3. d4 e4 4. c4 Be6 5. cxd5 Bxd5 6. Nc3 Bb4 7. Bd2 Bxc3 8. bxc3 h5 9. gxh5 Qh4 10. c4 Be6
11. d5 Bg4 12. Be2 Nf6 13. Bc3 Bxe2 14. Nxe2 Nbd7 15. Bd4 Ng4 16. Ng3 Nde5 17. Qa4+ c6 18. dxc6 bxc6 19. O-O-O O-O 20. Nxe4 Qxh5
21. h3 Nh6 22. Rhg1 Qf5 23. Qc2 Ng6 24. h4 Rfe8 25. Nd6 Qxc2+ 26. Kxc2 Re6 27. c5 Ne5 28. f4 Nf3 29. Rxg7+
1-0

[Event "funny"]
[Site "SchemingMind.com"]
[Date "2008.09.26"]
[Round "-"]
[White "Schaakmaatje"]
[Black "harsh"]
[Result "0-1"]
[WhiteCountry "NED"]
[BlackCountry "IND"]
[WhiteElo "1779"]
[WhiteRD "55"]
[BlackElo "1996"]
[BlackRD "84"]
[GameID "172710"]

1. g4 e5 2. c4 d5 3. Nf3 e4 4. Nd4 Bxg4 5. cxd5 Qxd5 6. Qa4+ Bd7 7. Nc3 Qe5 8. Ndb5 Nf6 9. Qd4 Qxd4 10. Nxd4 Nc6
11. Ndb5 O-O-O 12. a4 a6 13. Na3 Nd4 14. e3 Bxa3 15. exd4 Bb4 16. Bg2 Bg4 17. O-O Rxd4 18. Re1 Re8 19. h3 Bf5 20. Re3 Nd5
21. Nxd5 Rxd5 22. b3 Bxd2 23. Bxd2 Rxd2 24. f3 Rxg2+ 25. Kxg2 exf3+ 26. Kxf3 Rxe3+ 27. Kxe3 Bxh3 28. Kf4 h6 29. Rh1 Be6 30. Ke5 Bxb3
31. a5 b5 32. Rg1 g6 33. Kf6 c5 34. Rc1 Bc4 35. Re1 Be6 36. Ke5 Kc7 37. Rh1 b4 38. Rc1 Kc6 39. Rc2 Kb5 40. Kd6 c4
0-1

[Event "funny"]
[Site "SchemingMind.com"]
[Date "2008.10.04"]
[Round "-"]
[White "calipo"]
[Black "harsh"]
[Result "1-0"]
[WhiteCountry "ARG"]
[BlackCountry "IND"]
[WhiteElo "2087"]
[WhiteRD "99"]
[BlackElo "2009"]
[BlackRD "83"]
[GameID "173402"]

1. g4 d5 2. Bg2 Bxg4 3. c4 c6 4. Qb3 Qc7 5. cxd5 cxd5 6. Nc3 e6 7. Qa4+ Nc6 8. Qxg4 Nb4 9. Rb1 d4 10. a3 Nc2+
11. Kd1 Nf6 12. Qg3
1-0

[Event "funny"]
[Site "SchemingMind.com"]
[Date "2008.10.07"]
[Round "-"]
[White "calipo"]
[Black "Schaakmaatje"]
[Result "1-0"]
[WhiteCountry "ARG"]
[BlackCountry "NED"]
[WhiteElo "2087"]
[WhiteRD "99"]
[BlackElo "1804"]
[BlackRD "46"]
[GameID "173403"]

1. g4 e5 2. Bg2 d5 3. Nc3 c6 4. d4 e4 5. g5 Bd6 6. f3 Qc7 7. fxe4 dxe4 8. Nxe4 Bxh2 9. Qd3 Bf5 10. Nh3 Ne7
11. Bd2 Nd7 12. O-O-O O-O-O 13. Rxh2 Qxh2 14. Bf4 Qxg2 15. Nd6+ Kb8 16. Nxf5+ Ka8 17. Nxe7 Rhe8 18. Rg1 Qxg1+ 19. Nxg1 Rxe7 20. Qxh7 f6
21. gxf6 Nxf6 22. Qf5 Red7 23. Bg5 Rxd4 24. Qf1 R4d5 25. Bxf6 gxf6 26. b3 f5 27. Qf2 Kb8 28. e3 Kc7 29. Ne2 Rd1+ 30. Kb2 R8d5
31. Nc3
1-0

[Event "funny"]
[Site "SchemingMind.com"]
[Date "2008.10.02"]
[Round "-"]
[White "harsh"]
[Black "calipo"]
[Result "0-1"]
[WhiteCountry "IND"]
[BlackCountry "ARG"]
[WhiteElo "2009"]
[WhiteRD "83"]
[BlackElo "2087"]
[BlackRD "99"]
[GameID "173404"]

1. g4 e5 2. e3 d5 3. d4 e4 4. c4 h5 5. gxh5 dxc4 6. Bxc4 Nf6 7. Nc3 Nc6 8. a3 Qe7 9. f3 exf3 10. Qxf3 Nxd4
11. Qg2 Rxh5 12. Kd1 Bg4+ 13. Nce2 O-O-O 14. Bd2 Nb3 15. Bxb3 Qxe3
0-1

[Event "funny"]
[Site "SchemingMind.com"]
[Date "2008.10.07"]
[Round "-"]
[White "Schaakmaatje"]
[Black "calipo"]
[Result "0-1"]
[WhiteCountry "NED"]
[BlackCountry "ARG"]
[WhiteElo "1804"]
[WhiteRD "46"]
[BlackElo "2087"]
[BlackRD "99"]
[GameID "173405"]

1. g4 e5 2. Bg2 d5 3. Nc3 c6 4. h3 h5 5. e3 hxg4 6. hxg4 Rxh1 7. Bxh1 Qh4 8. Qf3 Bxg4 9. Qg2 Nd7 10. d3 O-O-O
11. Bd2 d4 12. Nce2 dxe3 13. Bxe3 Bb4+ 14. c3 Bc5 15. O-O-O Bxe3+ 16. fxe3 Ngf6 17. Kb1 Nc5 18. Kc2 Bxe2 19. Nxe2 Qa4+
0-1

[Event "funny"]
[Site "SchemingMind.com"]
[Date "2008.10.04"]
[Round "-"]
[White "MARISCAL"]
[Black "calipo"]
[Result "0-1"]
[WhiteCountry "ESP"]
[BlackCountry "ARG"]
[WhiteElo "2289"]
[WhiteRD "91"]
[BlackElo "2293"]
[BlackRD "87"]
[GameID "173665"]

1. g4 e5 2. Bg2 d5 3. d4 exd4 4. Qxd4 Nc6 5. Qxd5 Qxd5 6. Bxd5 Bxg4 7. Bxc6+ bxc6 8. Nc3 Nf6 9. Bd2 O-O-O 10. f3 Be6
11. e4 Bc5 12. O-O-O Rhg8 13. Nge2 g5 14. Rhe1 Nd7 15. f4 h6 16. e5 Bg4 17. Ne4 Be7 18. fxg5 Nxe5 19. gxh6 Nf3 20. h3 Bxh3
21. Rh1 Nxd2 22. Nxd2 Bg4 23. h7 Rh8 24. Rdf1 Bg5 25. Nf4 Bf5 26. Rh5 f6 27. b4 Rxh7 28. Rxh7 Bxh7 29. Nb3 Rd5 30. Kb2 Rf5
31. Rh1 Rxf4 32. Rxh7 Rxb4 33. Kc3 Rh4 34. Rf7 Bf4 35. Kd3 Rh3+ 36. Ke2 Be5 37. Rf8+ Kb7 38. Nc5+ Kb6 39. Nd7+ Kb5 40. Nxf6 Ra3
41. Ne4 Bd4 42. Rf5+ Kb4 43. Kd2 Kc4 44. Kc1 Rxa2 45. Nd2+ Kb4 46. Nb3 c5 47. Rf4 Kc4 48. Nd2+ Kb5 49. Nb3 Be3+
0-1

[Event "funny"]
[Site "SchemingMind.com"]
[Date "2008.10.05"]
[Round "-"]
[White "MARISCAL"]
[Black "Schaakmaatje"]
[Result "1-0"]
[WhiteCountry "ESP"]
[BlackCountry "NED"]
[WhiteElo "2290"]
[WhiteRD "93"]
[BlackElo "1779"]
[BlackRD "55"]
[GameID "173667"]

1. g4 d5 2. Bg2 c6 3. e4 e6 4. exd5 exd5 5. Qe2+ Qe7 6. h3 h5 7. g5 Bf5 8. d3 Nd7 9. Nc3 Qxe2+ 10. Ngxe2 Bd6
11. Nd4 Ne7 12. Bd2 Bg6 13. O-O-O O-O-O 14. f4 Nf5 15. Nxf5 Bxf5 16. Ne2 Bg6 17. Nd4 Bc5 18. Bc3 Rhe8 19. h4 Nf8 20. Bh3+ Kb8
21. f5 Bh7 22. Rde1 Nd7 23. Rxe8 Rxe8 24. f6 Kc7 25. fxg7 Ne5 26. Nf5 Ng4 27. Re1 Ne3 28. d4
1-0

[Event "funny"]
[Site "SchemingMind.com"]
[Date "2008.10.04"]
[Round "-"]
[White "calipo"]
[Black "MARISCAL"]
[Result "1/2-1/2"]
[WhiteCountry "ARG"]
[BlackCountry "ESP"]
[WhiteElo "2225"]
[WhiteRD "88"]
[BlackElo "2290"]
[BlackRD "93"]
[GameID "173668"]

1. g4 d5 2. Bg2 c6 3. g5 e5 4. d4 exd4 5. Qxd4 Na6 6. Qe3+ Ne7 7. Nf3 Qb6 8. a3 Qxe3 9. Bxe3 Nf5 10. Bf4 Nc5
11. Nc3 Ne6 12. Bg3 Be7 13. e4 dxe4 14. Nxe4 Nc5 15. Nxc5 Bxc5 16. Bf4 Be6 17. O-O O-O-O 18. Rfe1 Nd4 19. Nxd4 Rxd4 20. Re4 Rxe4=
21. Bxe4 h6 22. gxh6 gxh6 23. Re1 Rg8+ 24. Kf1 h5 25. Bd3 Bh3+ 26. Ke2 a5 27. Bg3 Re8+=
1/2-1/2

[Event "funny"]
[Site "SchemingMind.com"]
[Date "2008.10.04"]
[Round "-"]
[White "harsh"]
[Black "MARISCAL"]
[Result "0-1"]
[WhiteCountry "IND"]
[BlackCountry "ESP"]
[WhiteElo "1988"]
[WhiteRD "85"]
[BlackElo "2291"]
[BlackRD "91"]
[GameID "173669"]

1. g4 d5 2. e3 e5 3. d4 Bd6 4. c4 exd4 5. Qxd4 Nc6 6. Qd1 Nf6 7. cxd5 Nxd5 8. Bd2 Ne5 9. Be2 O-O 10. h3 Be6
11. Nc3 Qh4 12. Nf3 Nxf3+ 13. Bxf3 Nb4 14. Be4 f5 15. gxf5 Rxf5 16. Bxf5 Bxf5 17. Qb3+ Kh8
0-1

[Event "funny"]
[Site "SchemingMind.com"]
[Date "2008.10.05"]
[Round "-"]
[White "Schaakmaatje"]
[Black "MARISCAL"]
[Result "0-1"]
[WhiteCountry "NED"]
[BlackCountry "ESP"]
[WhiteElo "1767"]
[WhiteRD "51"]
[BlackElo "2291"]
[BlackRD "91"]
[GameID "173670"]

1. g4 d5 2. Bg2 c6 3. g5 e5 4. d3 Bd6 5. e4 Ne7 6. exd5 cxd5 7. Nc3 Be6 8. Bd2 Nbc6 9. Nf3 O-O 10. Qe2 Bg4
11. O-O-O Nd4 12. Nxd4 Bxe2 13. Ndxe2 Rc8 14. Nxd5 Nxd5 15. Bxd5 Be7 16. Bb3 Bxg5 17. Kb1 Bxd2 18. Rxd2 b5 19. Ng3 a5 20. a3 Qd4
21. Rg1 a4 22. Nf5 Qf4 23. Ne7+ Kh8 24. Re2 Rce8
0-1

[Event "funny"]
[Site "SchemingMind.com"]
[Date "2008.10.24"]
[Round "-"]
[White "Ivancic"]
[Black "calipo"]
[Result "0-1"]
[WhiteCountry "AUS"]
[BlackCountry "ARG"]
[WhiteElo "1931"]
[WhiteRD "70"]
[BlackElo "2225"]
[BlackRD "88"]
[GameID "175507"]

1. g4 d5 2. h3 e5 3. c3 h5 4. gxh5 c5 5. d4 Nc6 6. dxe5 Nxe5 7. Bf4 Rxh5 8. e4 Nf6 9. Be2 c4 10. Bxh5 Nd3+
11. Kf1 Nxh5 12. Qxh5 Qb6 13. Be3 Qxb2 14. Nf3 Qxa1 15. Kg2 Qxa2 16. Qxd5 Bc5 17. Nd4 Qa6 18. Nd2 Bd7 19. Nxc4 Rd8 20. Qh5 Qxc4
21. Qh8+ Bf8
0-1

[Event "funny"]
[Site "SchemingMind.com"]
[Date "2008.10.24"]
[Round "-"]
[White "Ivancic"]
[Black "harsh"]
[Result "1-0"]
[WhiteCountry "AUS"]
[BlackCountry "IND"]
[WhiteElo "1946"]
[WhiteRD "78"]
[BlackElo "1965"]
[BlackRD "88"]
[GameID "175508"]

1. g4 d5 2. h3 e5 3. d3 Bc5 4. Bg2 c6 5. Nf3 Qc7 6. Bg5 Be6 7. O-O Nd7 8. d4 Be7 9. Bxe7 Nxe7 10. Ng5 Ng6
11. Nxe6 fxe6 12. dxe5 Qxe5 13. Nc3 Nf4 14. e3 Nxg2 15. Kxg2 O-O-O 16. Qd4 c5 17. Qxe5 Nxe5 18. b3 h6 19. f4 Nf7 20. a4 a6
21. Rad1 Rd7 22. Rd2 Rhd8 23. Rfd1 g6 24. e4 d4 25. Ne2 e5 26. f5 gxf5 27. gxf5 Rg8+ 28. Ng3 Nd6 29. Re2 Rdg7 30. Rd3 h5
31. h4 Rg4 32. Kh3 Kd8 33. Rf3 Ke7 34. Rd3= b5 35. axb5 axb5 36. Rf3 c4 37. bxc4 bxc4 38. Re1 Kf7 39. Re2 Rh8 40. Ra3 Nb5
41. Ra5 Nc3 42. Ra7+ Kf6 43. Nxh5+ Rxh5 44. Kxg4 Nxe2 45. Kxh5 Ng3+ 46. Kg4 Nxe4 47. Ra6+ Kf7 48. Kf3 Nd2+ 49. Kg4 Nf1 50. Kg5 Ne3
51. Ra7+ Ke8 52. f6 d3 53. f7+ Kf8 54. Kg6
1-0

[Event "funny"]
[Site "SchemingMind.com"]
[Date "2008.10.24"]
[Round "-"]
[White "Ivancic"]
[Black "MARISCAL"]
[Result "0-1"]
[WhiteCountry "AUS"]
[BlackCountry "ESP"]
[WhiteElo "1931"]
[WhiteRD "70"]
[BlackElo "2290"]
[BlackRD "93"]
[GameID "175509"]

1. g4 d5 2. h3 e5 3. d3 c6 4. Bg2 Bc5 5. Nf3 Nd7 6. c3 Ne7 7. Qc2 Ng6 8. O-O O-O 9. e4 dxe4 10. dxe4 Nf6
11. b4 Be7 12. Be3 a5 13. bxa5 Qxa5 14. Nbd2 Qa4 15. Qxa4 Rxa4 16. Ne1 Be6 17. Nd3 Rd8 18. Nc1 h5 19. f3 hxg4 20. hxg4 Bxg4
21. Ncb3 Be6 22. Bb6 Rda8 23. Rfd1 Rxa2 24. Rxa2 Rxa2 25. c4 Bb4 26. c5 Nh4 27. Bh1 Rb2
0-1

[Event "funny"]
[Site "SchemingMind.com"]
[Date "2008.10.24"]
[Round "-"]
[White "Ivancic"]
[Black "Schaakmaatje"]
[Result "1-0"]
[WhiteCountry "AUS"]
[BlackCountry "NED"]
[WhiteElo "1939"]
[WhiteRD "76"]
[BlackElo "1759"]
[BlackRD "55"]
[GameID "175510"]

1. g4 d5 2. h3 e5 3. d3 f5 4. g5 Bd6 5. Bg2 c6 6. c3 Na6 7. e4 f4 8. h4 Ne7 9. Qh5+ Kd7 10. exd5 cxd5
11. Qf7 Nc7 12. Qxg7 Qf8 13. Qxf8 Rxf8 14. Nd2 b6 15. b4 Ba6 16. Bf1 Ne6 17. a4 Bb7 18. f3 Nf5 19. Bh3 Ne3 20. Ra2 Ke7
21. Nf1 d4 22. Bd2 Rac8 23. c4 Rc7 24. Bxe6 Kxe6 25. b5 Rg7 26. Bxe3 fxe3 27. Nh2 Bb4+ 28. Ke2 Rf4 29. Nf1 Rgf7 30. Rh3 Bc5
31. a5 Bc8 32. a6 Kd6 33. Rh2 Bg4 34. Ng3 Bxf3+ 35. Nxf3 Rxf3 36. Ne4+ Kc7 37. Ra1 Bf8 38. Rg1 R3f4 39. h5 Rg7 40. h6 Rg6
41. Rhg2 Kd7 42. Nf6+
1-0

[Event "funny"]
[Site "SchemingMind.com"]
[Date "2008.10.24"]
[Round "-"]
[White "calipo"]
[Black "Ivancic"]
[Result "1-0"]
[WhiteCountry "ARG"]
[BlackCountry "AUS"]
[WhiteElo "2225"]
[WhiteRD "88"]
[BlackElo "1931"]
[BlackRD "70"]
[GameID "175512"]

1. g4 e5 2. Bg2 h5 3. gxh5 Qg5 4. Bf3 Qh4 5. Nc3 Nf6 6. e4 Bc5 7. d4 Bxd4 8. Qe2 Bxc3+ 9. bxc3= Nxh5 10. Qe3 Nc6
11. Ne2= d6 12. Rb1 b6 13. Rg1 g6 14. Qd3 Bb7 15. Bg5 Qh3 16. Kd2 f6 17. Bxh5 Qxh5 18. Bxf6 Rf8 19. Bg5 Rxf2 20. Rbe1 a5
21. Qe3 Rf3 22. Ng3 Rxe3 23. Nxh5 Rxe1 24. Nf6+ Kf7 25. Rxe1 Ke6 26. Nd5 Kd7 27. Rf1 Nd8 28. h4 Bxd5 29. exd5 Ke8 30. Rf6 Nf7
31. Rxg6 Kf8 32. Bf6 Nd8 33. h5 Kf7 34. Bh8 Rc8 35. c4 Kf8= 36. h6 Nf7 37. h7 Ke7 38. Rg8 Re8 39. Bf6+ Kd7 40. Rg7
1-0

[Event "funny"]
[Site "SchemingMind.com"]
[Date "2008.10.21"]
[Round "-"]
[White "harsh"]
[Black "Ivancic"]
[Result "1/2-1/2"]
[WhiteCountry "IND"]
[BlackCountry "AUS"]
[WhiteElo "1947"]
[WhiteRD "88"]
[BlackElo "1895"]
[BlackRD "75"]
[GameID "175513"]

1. g4 e5 2. e3 d5 3. Bg2 c6 4. d3 Bd6 5. Bd2 Qb6 6. b3 d4 7. h3 Ne7 8. Ne2 f5 9. exd4 fxg4 10. dxe5 Bxe5
11. c3 g3 12. Nxg3 Bxg3 13. fxg3 O-O 14. Qe2 Nf5 15. Bf4 Nd7 16. d4 g5 17. Qe6+ Kh8 18. Be5+ Nxe5 19. Qxe5+ Kg8 20. g4 Bd7
21. O-O Rae8 22. Qc5 Qxc5 23. dxc5 Ng3 24. Rxf8+ Kxf8 25. Kf2 Ne2 26. Bf1 Nf4 27. Nd2 Re5 28. Rd1 Be6 29. Re1 Rxc5 30. Ne4 Re5
31. Nxg5 Rxg5 32. Kf3 Nxh3 33. Rxe6 Rh5 34. Kg3 Ng5 35. Re5 Rh1 36. Bg2 Nf7 37. Ra5 Rc1 38. c4 Rc3+ 39. Kf4 a6 40. g5 Kg7
41. Be4 Rc1 42. Rf5 Nd6 43. Re5 Nxe4 44. Rxe4 Rf1+ 45. Kg4 Rf7 46. b4 Kg6 47. a4 Kg7 48. Kh5 Rd7 49. Kg4 Rf7 50. Re6 Rd7=
51. Kf5 Rf7+ 52. Ke5 Kg8 53. Kd6 Kg7 54. a5 Kf8 55. Kc5 Rf5+ 56. Kb6 Rf7 57. g6 hxg6 58. Rxg6 Rh7 59. Re6 Rd7= 60. b5 axb5
61. cxb5 cxb5 62. Kxb5 Rd1 63. Re4 Rb1+ 64. Kc5 Rc1+ 65. Kb6 Rb1+ 66. Kc5 Rc1+ 67. Kd6 Rc6+ 68. Kd7 Ra6 69. Re5 b6 70. axb6=
1/2-1/2

[Event "funny"]
[Site "SchemingMind.com"]
[Date "2008.10.21"]
[Round "-"]
[White "MARISCAL"]
[Black "Ivancic"]
[Result "1-0"]
[WhiteCountry "ESP"]
[BlackCountry "AUS"]
[WhiteElo "2291"]
[WhiteRD "91"]
[BlackElo "1916"]
[BlackRD "73"]
[GameID "175514"]

1. g4 e5 2. Bg2 h5 3. g5 Qxg5 4. Kf1 Qf6 5. d4 d6 6. dxe5 dxe5 7. Nf3 Nc6 8. Nc3 Nge7 9. Nb5 Bd7 10. Nxc7+ Kd8
11. Nxa8 e4 12. Ng5 e3 13. Bxe3 Nf5 14. Bf4 Bc5 15. Ne4 Qe7 16. Qd5
1-0

[Event "funny"]
[Site "SchemingMind.com"]
[Date "2008.10.24"]
[Round "-"]
[White "Schaakmaatje"]
[Black "Ivancic"]
[Result "0-1"]
[WhiteCountry "NED"]
[BlackCountry "AUS"]
[WhiteElo "1804"]
[WhiteRD "46"]
[BlackElo "2003"]
[BlackRD "83"]
[GameID "175515"]

1. g4 e5 2. d4 exd4 3. Qxd4 Nc6 4. Qe4+ Be7 5. g5 d5 6. Qd3 Bxg5 7. Bxg5 Qxg5 8. e3 Bf5 9. Qxd5 Rd8 10. Qc5 Bg4
11. Qxg5 Rd1#
0-1

[Event "funny"]
[Site "SchemingMind.com"]
[Date "2008.10.24"]
[Round "-"]
[White "thebirdolux"]
[Black "calipo"]
[Result "0-1"]
[WhiteCountry "USA"]
[BlackCountry "ARG"]
[WhiteElo "2307"]
[WhiteRD "73"]
[BlackElo "2225"]
[BlackRD "88"]
[GameID "175560"]

1. g4 d5 2. h3 e5 3. Bg2 h5 4. d4 exd4 5. Qxd4 Nc6 6. Qd3 Be6 7. Nc3 d4 8. Ne4 hxg4 9. Bd2 Qd7 10. Ng5 Bd5
11. Bxd5 Qxd5 12. e4 Qd7 13. Qb3 Nd8 14. O-O-O f6 15. Nh7 Rxh7 16. Qxg8 g5 17. c3 d3 18. Be3 Nc6 19. Qg6+ Rf7 20. Qf5 Qxf5
21. exf5 Rh7 22. Rxd3 Bd6 23. Kc2 Ne7 24. Rd4 gxh3 25. Rxh3 Rxh3 26. Nxh3 Nxf5 27. Rg4 Nxe3+ 28. fxe3 Kd7 29. Nf2 Rh8 30. Rg2 f5
31. e4 f4 32. Nd3 Rh5 33. Ne1 Ke6 34. Nf3 Kf6 35. Kd3 c6 36. Kd4 c5+ 37. Kd5 Bf8 38. Kc4 b6 39. a4 Bh6 40. Kd3 Rh3
41. Ke2 Rg3
0-1

[Event "funny"]
[Site "SchemingMind.com"]
[Date "2008.10.22"]
[Round "-"]
[White "thebirdolux"]
[Black "harsh"]
[Result "1-0"]
[WhiteCountry "USA"]
[BlackCountry "IND"]
[WhiteElo "2301"]
[WhiteRD "71"]
[BlackElo "1988"]
[BlackRD "85"]
[GameID "175561"]

1. g4 d5 2. h3 e5 3. Bg2 c6 4. d3 Bc5 5. Nf3 Qc7 6. a3 a5 7. e3 h5 8. g5 Ne7 9. O-O Bf5 10. Nc3 Nd7
11. e4 dxe4 12. Nxe4 Ba7 13. Bd2 b5 14. a4 Nc5 15. axb5 Bxe4 16. dxe4 Nxe4 17. Bxa5 Qb8 18. Qe1 Nxf2 19. Rxf2 Bxf2+ 20. Kxf2
1-0

[Event "funny"]
[Site "SchemingMind.com"]
[Date "2008.10.21"]
[Round "-"]
[White "thebirdolux"]
[Black "Ivancic"]
[Result "1-0"]
[WhiteCountry "USA"]
[BlackCountry "AUS"]
[WhiteElo "2301"]
[WhiteRD "71"]
[BlackElo "1916"]
[BlackRD "73"]
[GameID "175562"]

1. g4 e5 2. d4 exd4 3. Bg2 Nc6 4. Nf3 d5 5. Nxd4 Bxg4 6. c4 Qf6 7. Nxc6 bxc6 8. cxd5 Bc5 9. O-O Ne7 10. Nc3 Qg6
11. Qd3 Qxd3 12. exd3 cxd5 13. Nxd5 Nxd5 14. Re1+ Kd7 15. Bxd5 c6 16. Bg2 f5 17. Bg5 h6 18. Rec1 hxg5 19. Rxc5 Rab8 20. b3 g6
21. Bxc6+ Kd6 22. Rac1 Rbc8 23. Rd5+ Ke6 24. Re1+ Kf6 25. Rd6+ Kf7 26. Rd7+
1-0

[Event "funny"]
[Site "SchemingMind.com"]
[Date "2008.10.21"]
[Round "-"]
[White "thebirdolux"]
[Black "MARISCAL"]
[Result "1/2-1/2"]
[WhiteCountry "USA"]
[BlackCountry "ESP"]
[WhiteElo "2308"]
[WhiteRD "67"]
[BlackElo "2289"]
[BlackRD "91"]
[GameID "175563"]

1. g4 d5 2. h3 e5 3. Bg2 c6 4. d3 Bc5 5. Nf3 Nd7 6. a3 Ne7 7. c4 e4 8. dxe4 dxe4 9. Nh4 e3 10. Bxe3 Bxe3
11. fxe3 h5 12. Qd4 Qc7 13. Qf4 Qa5+ 14. Nd2 hxg4 15. hxg4 g5 16. b4 gxf4 17. bxa5 fxe3 18. Ne4 Ne5 19. O-O-O Bxg4 20. Bf3 Be6
21. Nf5 Rxh1 22. Rxh1 N7g6 23. Nxe3 Nxf3 24. exf3 O-O-O 25. Rd1 Rh8 26. Ng5 Nf4 27. a6 bxa6 28. Kd2 Rh5 29. Ne4 Kc7 30. Kc3 Rh3
31. Rf1 Bc8 32. Nf6 Nh5 33. Ne4 f5 34. Nc5 Nf4 35. Nb3 Ne2+ 36. Kd3 Ng3 37. Rf2 Rh1 38. Kc3 f4 39. Ng2 Nh5 40. Re2 Rf1
41. Nh4 Ng3 42. Re7+ Kd6 43. Rxa7=
1/2-1/2

[Event "funny"]
[Site "SchemingMind.com"]
[Date "2008.10.24"]
[Round "-"]
[White "calipo"]
[Black "thebirdolux"]
[Result "1-0"]
[WhiteCountry "ARG"]
[BlackCountry "USA"]
[WhiteElo "2293"]
[WhiteRD "87"]
[BlackElo "2308"]
[BlackRD "67"]
[GameID "175566"]

1. g4 d5 2. Bg2 c6 3. h3 h5 4. g5 e5 5. d4 e4 6. c4 Bb4+ 7. Nc3 Ne7 8. Bd2 Nf5 9. h4 e3 10. Bxe3 Nxe3
11. fxe3 dxc4 12. Qc2 Bg4 13. Nf3 Nd7 14. a3 Ba5 15. Nh2 Qe7 16. e4 O-O-O 17. Qa4 Bc7 18. O-O-O Kb8 19. Qxc4 Nb6 20. Qd3 Be6
21. Nf3 Bb3 22. Rdg1 Bc4 23. Qe3 Rhe8 24. Qf2 c5 25. d5 Rf8 26. Kb1 f5 27. gxf6 Rxf6 28. Qe1 Ba6 29. b3 Nd7 30. Bh3 Bd3+
31. exd3 Rxf3 32. Bxd7 Rxd7 33. Kc2 Qf8 34. Rf1 Rdf7 35. Rxf3 Rxf3 36. Nd1 Be5 37. Qe2 g6 38. Rg1 c4 39. bxc4 Rh3 40. Kb3 Qf6
41. Rg2 Rxh4 42. c5 Bd4 43. Qc2 Rh1 44. Rd2 Rf1 45. Qc4 Qe5 46. c6 bxc6 47. dxc6 Rf6 48. Rc2 Qe6 49. Qd5 g5 50. Rc4 Qxd5
51. exd5
1-0

[Event "funny"]
[Site "SchemingMind.com"]
[Date "2008.10.22"]
[Round "-"]
[White "harsh"]
[Black "thebirdolux"]
[Result "0-1"]
[WhiteCountry "IND"]
[BlackCountry "USA"]
[WhiteElo "2009"]
[WhiteRD "83"]
[BlackElo "2261"]
[BlackRD "73"]
[GameID "175567"]

1. g4 d5 2. e3 e5 3. Bg2 Nc6 4. d3 Be6 5. Nd2 h5 6. h3 hxg4 7. hxg4 Rxh1 8. Bxh1 Qh4 9. Bf3 Nf6 10. c4 Nxg4
11. Qe2 Nb4
0-1

[Event "funny"]
[Site "SchemingMind.com"]
[Date "2008.10.24"]
[Round "-"]
[White "Ivancic"]
[Black "thebirdolux"]
[Result "0-1"]
[WhiteCountry "AUS"]
[BlackCountry "USA"]
[WhiteElo "1916"]
[WhiteRD "73"]
[BlackElo "2301"]
[BlackRD "71"]
[GameID "175568"]

1. g4 d5 2. h3 e5 3. d3 Bd6 4. Bg2 Nc6 5. Nc3 Nge7 6. Bg5 f6 7. Bh4 Be6 8. a3 Qd7 9. Qd2 O-O-O 10. O-O-O h5
11. gxh5 Nf5 12. Bg3 d4 13. Ne4 Be7 14. Bh2 Nh4 15. Bf1 f5 16. Ng5 Qd5 17. N5f3 Qa2 18. Qe1 Qa1+ 19. Kd2 Nxf3+ 20. Nxf3 Qxb2
21. Rb1 Qxa3 22. Kd1 Qa2 23. Rc1 Bb4 24. Nd2 Ba3 25. Rb1 Nb4
0-1

[Event "funny"]
[Site "SchemingMind.com"]
[Date "2008.10.23"]
[Round "-"]
[White "MARISCAL"]
[Black "thebirdolux"]
[Result "1-0"]
[WhiteCountry "ESP"]
[BlackCountry "USA"]
[WhiteElo "2289"]
[WhiteRD "91"]
[BlackElo "2308"]
[BlackRD "67"]
[GameID "175569"]

1. g4 d5 2. Bg2 c6 3. c4 dxc4 4. Na3 Bxg4 5. Nxc4 Nd7 6. d4 Ngf6 7. Nf3 e6 8. O-O Be7 9. Nfe5 Bh5 10. f4 Nd5
11. Qd3 O-O 12. Nxd7 Qxd7 13. Ne5 Qd6 14. e4 Nb6 15. b3 f6 16. Nc4 Nxc4 17. bxc4 Rad8 18. Be3 Qd7 19. Qb3 c5 20. d5 exd5
21. cxd5 Bd6 22. a4 Rfe8 23. Rae1 Re7 24. Bd2 Rde8 25. Bh3 Bg4 26. Bg2 b6 27. Bc3 Qc8 28. Qb2 Bh3 29. Rf3 Bg4 30. Rff1 Qc7
31. Qd2 c4 32. Kh1 Qd7 33. Bb4 Bh3 34. Bxh3 Bxb4 35. Qg2 Qxa4 36. Ra1 Qb5 37. Be6+ Kh8 38. Rf3 Rxe6 39. dxe6 Rxe6 40. Rxa7 Bf8
41. Rf1 Qc5 42. e5 b5 43. Rf7 Kg8 44. Rxf6 Qc8 45. Rxe6 Qxe6 46. Qe4 c3 47. f5 Qa2 48. f6 gxf6 49. Qc6 Kh8 50. Qxf6+ Bg7
51. Qc6
1-0

[Event "funny"]
[Site "SchemingMind.com"]
[Date "2008.10.24"]
[Round "-"]
[White "Schaakmaatje"]
[Black "thebirdolux"]
[Result "0-1"]
[WhiteCountry "NED"]
[BlackCountry "USA"]
[WhiteElo "1767"]
[WhiteRD "51"]
[BlackElo "2301"]
[BlackRD "71"]
[GameID "175570"]

1. g4 d5 2. Bg2 c6 3. e4 dxe4 4. Bxe4 e5 5. d3 Nf6 6. Bg5 Qa5+ 7. c3 Bxg4 8. Qd2 Nxe4 9. dxe4 Nd7 10. Ne2 h6
11. Be3 O-O-O 12. Qc2 Qa6 13. a4 Bf3 14. Rg1 Nf6 15. Rg3 Bxe4 16. Qc1 Bd3 17. Ng1 Nh5 18. Rf3 c5 19. Nd2 f5 20. Rh3 f4
21. Rxh5 Qg6
0-1

[Event "funny"]
[Site "SchemingMind.com"]
[Date "2008.11.17"]
[Round "-"]
[White "marandreo"]
[Black "calipo"]
[Result "0-1"]
[WhiteCountry "ITA"]
[BlackCountry "ARG"]
[WhiteElo "2019"]
[WhiteRD "97"]
[BlackElo "2144"]
[BlackRD "96"]
[GameID "179267"]

1. g4 d5 2. Bg2 e5 3. c4 dxc4 4. Qa4+ c6 5. Qxc4 Be6 6. Qc3 Nd7 7. h3 Ngf6 8. Nf3 Nd5 9. Qc2 Nb4 10. Qd1 Nxa2
11. Nc3 Nc5 12. O-O Bb3 13. Qe1 Nb4
0-1

[Event "funny"]
[Site "SchemingMind.com"]
[Date "2008.11.16"]
[Round "-"]
[White "marandreo"]
[Black "harsh"]
[Result "1/2-1/2"]
[WhiteCountry "ITA"]
[BlackCountry "IND"]
[WhiteElo "1978"]
[WhiteRD "86"]
[BlackElo "1996"]
[BlackRD "84"]
[GameID "179268"]

1. g4 d5 2. Bg2 c6 3. h3 e5 4. c4 h5 5. cxd5 cxd5 6. Qb3 Ne7 7. Nc3 Nbc6 8. Nxd5 Nd4 9. Qc4 Nxd5 10. Bxd5 Nc2+
11. Qxc2 Qxd5 12. e4 Qe6 13. g5 Bd7 14. Ne2 Be7 15. d3 Rc8 16. Nc3 b5 17. Qe2 Qg6 18. h4 O-O 19. Be3 Bb4 20. Rc1 a6
21. a3 Bxc3+ 22. Rxc3 Rxc3 23. bxc3 Qd6 24. O-O Qxa3 25. Rc1 Rc8 26. Qd2 Be6 27. f4 exf4 28. Bxf4 b4 29. cxb4 Rxc1+ 30. Qxc1 Qxd3
31. Qe1 Bh3 32. e5 Qf3 33. Qf2 Qc3 34. Qd2 Qf3 35. Qf2=
1/2-1/2